000 00489nam a2200181Ia 4500
008 131103s9999 xx 000 0 und d
020 _a8170551269
_cRs.140.00
040 _aLoreto College
041 _aEnglish
082 _a891.431/DEV
_bLCLIB/49022
100 _aDevraj
245 _aNayi kavita
_cDevraj
260 _aNew Delhi
_bVani Prakashan
_c2009
300 _a111p
_c 22cm
650 _aHindi poetry-Criticism and interpretation
850 _aLCLIB/891.431/DEV
942 _cBK
999 _c37574
_d88053